[Event "1 Bundesliga 2007/2008"]
[Site "Graz"]
[Date "2008.03.16"]
[Round "11"]
[Board "2"]
[White "Cvek, Robert"]
[Black "Polzin, Rainer"]
[Result "1/2-1/2"]
[WhiteElo "2532"]
[BlackElo "2504"]
[PlyCount "91"]
[EventDate "2007.11.30"]
[EventType "team"]
[EventRounds "11"]
[EventCountry "AUT"]
[WhiteTeam "ASVOe Pamhagen"]
[BlackTeam "ASVOe Wulkaprodersdorf"]

1.e4 c5 2.Nf3 d6 3.c3 Nf6 4.Be2 Bd7 5.d3 g6 6.O-O Bg7 7.Nbd2 Nc6 8.d4 cxd4
9.cxd4 Rc8 10.d5 Nb4 11.a3 Na6 12.Bxa6 bxa6 13.Re1 O-O 14.Nb1 Qb6 15.Nc3 Bg4
16.h3 Bxf3 17.Qxf3 Nd7 18.Qe2 Ne5 19.Be3 Qb7 20.Rec1 Rc7 21.Nd1 Rfc8 22.Rxc7
Rxc7 23.Rc1 Rxc1 24.Bxc1 Qb3 25.Be3 a5 26.Bxa7 Nd3 27.a4 Nxb2 28.Nxb2 Bxb2
29.Be3 Be5 30.Bd2 Qxa4 31.Qe1 f5 32.exf5 gxf5 33.Bxa5 Qf4 34.g3 Qf3 35.Qc1 Bf6
36.Qc8+ Kg7 37.Qe6 h5 38.h4 f4 39.Qf5 Qa3 40.Bd2 fxg3 41.Qxh5 gxf2+ 42.Kxf2 Qc5+
43.Kf3 Qc2 44.Qg4+ Kf7 45.Ke2 Qg6 46.Kf3

[Event "1 Bundesliga 2007/2008"]
[Site "Graz"]
[Date "2008.03.16"]
[Round "11"]
[Board "3"]
[White "Likavsky, Tomas"]
[Black "Antoniewski, Rafal"]
[Result "1/2-1/2"]
[WhiteElo "2494"]
[BlackElo "2510"]
[PlyCount "137"]
[EventDate "2007.11.30"]
[EventType "team"]
[EventRounds "11"]
[EventCountry "AUT"]
[WhiteTeam "ASVOe Wulkaprodersdorf"]
[BlackTeam "ASVOe Pamhagen"]

1.d4 d5 2.c4 c6 3.Nf3 Nf6 4.e3 Bg4 5.Nc3 e6 6.h3 Bxf3 7.Qxf3 Nbd7 8.Bd3 Bd6
9.cxd5 exd5 10.g4 Nb6 11.g5 Nfd7 12.e4 dxe4 13.Qxe4+ Qe7 14.Qxe7+ Bxe7 15.Be3
Rd8 16.O-O-O Nf8 17.h4 Ne6 18.Be2 Nc7 19.Kc2 Ncd5 20.Bc1 O-O 21.Ne4 Rfe8 22.Bf3
Nc7 23.Nc5 Nb5 24.Be3 Bxc5 25.dxc5 Nc4 26.Rxd8 Nxe3+ 27.fxe3 Rxd8 28.Rd1 Rxd1
29.Bxd1 Nc7 30.Bg4 Kf8 31.Bc8 b6 32.Bb7 bxc5 33.Bxc6 Ke7 34.Kd3 Kd6 35.Be4 h6
36.gxh6 gxh6 37.Kc4 f6 38.Bf3 Ne6 39.Kb5 Nc7+ 40.Kc4 Ne6 41.Bd5 Nc7 42.Bf7 Na8
43.a4 Nc7 44.a5 Na6 45.Bd5 Nc7 46.Bb7 Ne6 47.b4 cxb4 48.Kxb4 Nc7 49.Kc4 Ne6
50.Bd5 Ng7 51.Be4 Ne6 52.Bg6 Nc7 53.Bf7 Na6 54.Bg8 Nc5 55.Kb5 Nb7 56.Bh7 Ke5
57.a6 Nd6+ 58.Kc5 Nc8 59.Kc6 Nb6 60.Bg8 Na4 61.Bb3 Nc3 62.Kd7 Ne4 63.Ke7 Nd2
64.Bc2 Nf1 65.e4 Ne3 66.Ba4 f5 67.exf5 Nxf5+ 68.Kf7 Nxh4 69.Kg7

[Event "1 Bundesliga 2007/2008"]
[Site "Graz"]
[Date "2008.03.16"]
[Round "11"]
[Board "4"]
[White "Manik, Mikulas"]
[Black "Kraemer, Martin"]
[Result "1/2-1/2"]
[WhiteElo "2433"]
[BlackElo "2436"]
[PlyCount "61"]
[EventDate "2007.11.30"]
[EventType "team"]
[EventRounds "11"]
[EventCountry "AUT"]
[WhiteTeam "ASVOe Pamhagen"]
[BlackTeam "ASVOe Wulkaprodersdorf"]

1.e4 c5 2.Nf3 d6 3.d4 cxd4 4.Nxd4 Nf6 5.Nc3 a6 6.Bg5 e6 7.f4 Nbd7 8.Qf3 Qc7
9.O-O-O b5 10.Bd3 Bb7 11.Rhe1 Qb6 12.Nd5 Qxd4 13.Bxf6 gxf6 14.Bxb5 Qc5 15.Nxf6+
Kd8 16.Nxd7 Qxb5 17.Nxf8 Rxf8 18.Qa3 Ke8 19.Qxd6 Qc6 20.Qa3 Rc8 21.Rd2 Qc4 22.f5
Qc5 23.Qg3 Qc4 24.Qa3 Qc5 25.Qg3 Qc4 26.Qa3 Qc5 27.Qg3 Qc4 28.Kb1 Qc7 29.Kc1 Bc6
30.Qb3 Ke7 31.fxe6

[Event "1 Bundesliga 2007/2008"]
[Site "Graz"]
[Date "2008.03.16"]
[Round "11"]
[Board "5"]
[White "Volkmann, Friedrich Karl"]
[Black "Alvir, Aco"]
[Result "1/2-1/2"]
[WhiteElo "2434"]
[BlackElo "2362"]
[PlyCount "29"]
[EventDate "2007.11.30"]
[EventType "team"]
[EventRounds "11"]
[EventCountry "AUT"]
[WhiteTeam "ASVOe Wulkaprodersdorf"]
[BlackTeam "ASVOe Pamhagen"]

1.e4 c5 2.Nf3 d6 3.d4 cxd4 4.Nxd4 Nf6 5.Nc3 g6 6.Be3 Bg7 7.f3 O-O 8.Qd2 Nc6
9.Bc4 Bd7 10.O-O-O Rb8 11.Bb3 Na5 12.Kb1 b5 13.e5 dxe5 14.Ndxb5 Rb7 15.Nd5

[Event "1 Bundesliga 2007/2008"]
[Site "Graz"]
[Date "2008.03.16"]
[Round "11"]
[Board "6"]
[White "Hatzl, Stefan"]
[Black "Lendwai, Reinhard"]
[Result "0-1"]
[WhiteElo "2149"]
[BlackElo "2423"]
[PlyCount "58"]
[EventDate "2007.11.30"]
[EventType "team"]
[EventRounds "11"]
[EventCountry "AUT"]
[WhiteTeam "Styria Graz"]
[BlackTeam "SK Advisory Invest Baden"]

1.e4 d5 2.Nc3 d4 3.Nce2 e5 4.Ng3 Be6 5.Nf3 f6 6.b3 Ne7 7.Bc4 Bxc4 8.bxc4 d3
9.Ba3 Nbc6 10.O-O Ng6 11.Bxf8 Nxf8 12.Rb1 b6 13.Rb5 Nd7 14.Nh4 g6 15.c3 Nc5
16.f4 exf4 17.Rxf4 Ne5 18.Nf3 Qd6 19.Nxe5 fxe5 20.Rf3 O-O-O 21.a4 Rhf8 22.a5 Rf4
23.axb6 cxb6 24.Nf1 a6 25.Rb1 Nxe4 26.Ne3 Qc5 27.Rxf4 exf4 28.Qg4+ Kb7 29.Qxf4
Nxd2

[Event "1 Bundesliga 2007/2008"]
[Site "Graz"]
[Date "2008.03.16"]
[Round "11"]
[Board "3"]
[White "Buhmann, Rainer"]
[Black "Hulak, Krunoslav"]
[Result "1-0"]
[WhiteElo "2570"]
[BlackElo "2552"]
[PlyCount "91"]
[EventDate "2007.11.30"]
[EventType "team"]
[EventRounds "11"]
[EventCountry "AUT"]
[WhiteTeam "SK KlZtgMPOe Maria Saal"]
[BlackTeam "Holz Dohr"]

1.Nf3 c5 2.c4 Nc6 3.d4 cxd4 4.Nxd4 Nf6 5.Nc3 e6 6.Bg5 h6 7.Bh4 Bb4 8.Rc1 g5
9.Bg3 Ne4 10.Ndb5 Nxg3 11.hxg3 a6 12.Nd6+ Ke7 13.Nxc8+ Rxc8 14.a3 Bd6 15.e3 Bb8
16.Be2 Na5 17.Ne4 f5 18.Nd2 Nc6 19.c5 d5 20.b4 Qf8 21.Qb3 Qf6 22.a4 f4 23.b5
axb5 24.axb5 fxe3 25.Qxe3 Nd4 26.Nf3 Nxe2 27.Qxe2 h5 28.c6 bxc6 29.bxc6 h4
30.gxh4 g4 31.Nd2 g3 32.Nf3 Bf4 33.Rd1 Qc3+ 34.Kf1 Kd6 35.Nd4 Qc4 36.Qxc4 dxc4
37.Ne2+ Ke5 38.Nxf4 Kxf4 39.Rd4+ Ke5 40.Rxc4 Rhf8 41.f3 Kd5 42.Rc2 Rxc6 43.Rxc6
Kxc6 44.Ke2 Ra8 45.f4 Ra3 46.Rd1

[Event "1 Bundesliga 2007/2008"]
[Site "Graz"]
[Date "2008.03.16"]
[Round "11"]
[Board "5"]
[White "Tratar, Marko"]
[Black "Kosten, Anthony C"]
[Result "0-1"]
[WhiteElo "2507"]
[BlackElo "2511"]
[PlyCount "80"]
[EventDate "2007.11.30"]
[EventType "team"]
[EventRounds "11"]
[EventCountry "AUT"]
[WhiteTeam "SK KlZtgMPOe Maria Saal"]
[BlackTeam "Holz Dohr"]

1.Nf3 Nf6 2.c4 e6 3.Nc3 Bb4 4.Qc2 O-O 5.a3 Bxc3 6.Qxc3 d6 7.b4 e5 8.Bb2 a5 9.e3
Nc6 10.d3 Bd7 11.b5 Ne7 12.g3 Qc8 13.h3 Ng6 14.Bg2 Re8 15.h4 h6 16.Nd2 c6
17.bxc6 bxc6 18.Ne4 Nxe4 19.Bxe4 Bf5 20.Bg2 a4 21.e4 Bg4 22.c5 dxc5 23.f3 Bd7
24.Qxc5 Rb8 25.Bc3 Rb5 26.Qe3 Rb3 27.Bb4 f5 28.h5 f4 29.Qd2 Nf8 30.gxf4 exf4
31.Qxf4 c5 32.Bd2 Ne6 33.Qg3 Nd4 34.Rc1 Rxd3 35.Rc3 Rxe4+ 36.fxe4 Rxg3 37.Rxg3
Qb8 38.Rc3 Qb5 39.Bf1 Qb1+ 40.Kf2 Qxe4

[Event "1 Bundesliga 2007/2008"]
[Site "Graz"]
[Date "2008.03.16"]
[Round "11"]
[Board "3"]
[White "Baramidze, David"]
[Black "Weiss, Christian"]
[Result "1/2-1/2"]
[WhiteElo "2582"]
[BlackElo "2449"]
[PlyCount "102"]
[EventDate "2007.11.30"]
[EventType "team"]
[EventRounds "11"]
[EventCountry "AUT"]
[WhiteTeam "SK Hohenems"]
[BlackTeam "Union Ansfelden"]

1.e4 c6 2.d4 d5 3.Nc3 dxe4 4.Nxe4 Bf5 5.Ng3 Bg6 6.Bc4 e6 7.h4 h6 8.N1e2 Bd6
9.Nf4 Bxf4 10.Bxf4 Nf6 11.Qd2 Nbd7 12.Bd3 Bxd3 13.Qxd3 Qa5+ 14.Bd2 Qc7 15.Qa3 b6
16.O-O c5 17.Qf3 Rc8 18.dxc5 bxc5 19.c4 O-O 20.Bc3 Qc6 21.Qxc6 Rxc6 22.Rfd1 Rb8
23.Rd3 Ra6 24.Rad1 Rb7 25.Nh5 Nxh5 26.Rxd7 Rxd7 27.Rxd7 Rxa2 28.Rc7 Nf4 29.Rxc5
Ne2+ 30.Kf1 Nxc3 31.bxc3 Rc2 32.Rc8+ Kh7 33.Rc7 Rxc3 34.Ke1 Rc2 35.Rxf7 Rxc4
36.h5 Rh4 37.Rxa7 Rxh5 38.Ke2 Kg6 39.Kf3 Rf5+ 40.Kg3 Kf6 41.f3 Rc5 42.Ra8 Rc2
43.Rf8+ Kg6 44.Re8 Re2 45.Ra8 h5 46.Ra5 e5 47.Ra8 Kg5 48.Rg8 g6 49.Re8 h4+
50.Kh3 Re1 51.g3 hxg3

[Event "1 Bundesliga 2007/2008"]
[Site "Graz"]
[Date "2008.03.16"]
[Round "11"]
[Board "4"]
[White "Haba, Petr"]
[Black "Atlas, Valery"]
[Result "1-0"]
[WhiteElo "2536"]
[BlackElo "2473"]
[PlyCount "113"]
[EventDate "2007.11.30"]
[EventType "team"]
[EventRounds "11"]
[EventCountry "AUT"]
[WhiteTeam "Union Ansfelden"]
[BlackTeam "SK Hohenems"]

1.d4 Nf6 2.c4 c5 3.d5 e5 4.Nc3 d6 5.e4 Be7 6.g3 O-O 7.Bg2 Ne8 8.Nge2 g6 9.Bh6
Ng7 10.Qd2 Nd7 11.O-O Nf6 12.h3 Kh8 13.Be3 Nfe8 14.Nc1 f5 15.f4 exf4 16.Bxf4
fxe4 17.N1e2 Nf6 18.g4 a6 19.a4 h5 20.g5 Nfe8 21.Nxe4 Nf5 22.b4 b6 23.bxc5 bxc5
24.a5 Ra7 25.Rab1 Kh7 26.Rb6 Rf7 27.Bh2 Bf8 28.Nf4 Neg7 29.Rb8 Rab7 30.Rxc8 Qxc8
31.Nf6+ Rxf6 32.gxf6 Qe8 33.fxg7 Bxg7 34.Ne6 Bd4+ 35.Nxd4 cxd4 36.Re1 Rb2
37.Rxe8 Rxd2 38.Bf4 Rc2 39.Be4 Rxc4 40.Bxf5 gxf5 41.Kf2 d3 42.Bd2 Rc5 43.Ke3
Rxd5 44.Ra8 Re5+ 45.Kxd3 f4 46.Rf8 Rd5+ 47.Ke2 Re5+ 48.Kd1 Kg6 49.Rxf4 Rb5 50.h4
Rd5 51.Kc2 Rb5 52.Bc3 Kh7 53.Rf7+ Kg8 54.Ra7 Rc5 55.Rxa6 Rc4 56.Rxd6 Rxh4 57.a6

[Event "1 Bundesliga 2007/2008"]
[Site "Graz"]
[Date "2008.03.16"]
[Round "11"]
[Board "5"]
[White "Braun, Arik"]
[Black "Knoll, Hermann"]
[Result "1/2-1/2"]
[WhiteElo "2536"]
[BlackElo "2386"]
[PlyCount "58"]
[EventDate "2007.11.30"]
[EventType "team"]
[EventRounds "11"]
[EventCountry "AUT"]
[WhiteTeam "SK Hohenems"]
[BlackTeam "Union Ansfelden"]

1.d4 Nf6 2.c4 g6 3.Nc3 Bg7 4.e4 d6 5.f3 O-O 6.Nge2 c5 7.d5 e6 8.Ng3 exd5 9.cxd5
a6 10.a4 Nbd7 11.Be2 h5 12.O-O Nh7 13.Be3 h4 14.Nh1 f5 15.Qd2 Qf6 16.exf5 gxf5
17.f4 Qg6 18.h3 Ndf6 19.Rab1 Bd7 20.b4 c4 21.a5 Ne4 22.Nxe4 fxe4 23.Bxc4 Bxh3
24.Rb3 Rac8 25.Rc1 Bd7 26.b5 axb5 27.Bxb5 Rxc1+ 28.Qxc1 h3 29.g3 Bc8

[Event "1 Bundesliga 2007/2008"]
[Site "Graz"]
[Date "2008.03.16"]
[Round "11"]
[Board "6"]
[White "Hellmayr, Alois"]
[Black "Novkovic, Milan"]
[Result "1/2-1/2"]
[WhiteElo "2320"]
[BlackElo "2413"]
[PlyCount "37"]
[EventDate "2007.11.30"]
[EventType "team"]
[EventRounds "11"]
[EventCountry "AUT"]
[WhiteTeam "Union Ansfelden"]
[BlackTeam "SK Hohenems"]

1.d4 e6 2.Nf3 Nf6 3.e3 b6 4.b3 Bb4+ 5.c3 Be7 6.Bd3 Bb7 7.O-O c5 8.Bb2 O-O 9.dxc5
bxc5 10.c4 Nc6 11.Nc3 Nb4 12.Bb1 a6 13.a3 Nc6 14.Qc2 g6 15.Rd1 Qc7 16.Ba2 Rab8
17.Rd2 Na5 18.Rad1 Rfd8 19.e4

[Event "1 Bundesliga 2007/2008"]
[Site "Graz"]
[Date "2008.03.16"]
[Round "11"]
[Board "3"]
[White "Horvath, Jozsef"]
[Black "Maiwald, Jens Uwe"]
[Result "1/2-1/2"]
[WhiteElo "2519"]
[BlackElo "2484"]
[PlyCount "21"]
[EventDate "2007.11.30"]
[EventType "team"]
[EventRounds "11"]
[EventCountry "AUT"]
[WhiteTeam "SC Die Klagenfurter"]
[BlackTeam "Mayrhofen/Zillertal"]

1.d4 Nf6 2.c4 g6 3.Nc3 Bg7 4.e4 d6 5.Bd3 O-O 6.Nge2 Nbd7 7.Ng3 h5 8.h3 e5 9.d5
h4 10.Nge2 Nh5 11.O-O

[Event "1 Bundesliga 2007/2008"]
[Site "Graz"]
[Date "2008.03.16"]
[Round "11"]
[Board "4"]
[White "Hausner, Ivan"]
[Black "Pilaj, Herwig"]
[Result "1/2-1/2"]
[WhiteElo "2394"]
[BlackElo "2374"]
[PlyCount "37"]
[EventDate "2007.11.30"]
[EventType "team"]
[EventRounds "11"]
[EventCountry "AUT"]
[WhiteTeam "Mayrhofen/Zillertal"]
[BlackTeam "SC Die Klagenfurter"]

1.c4 c5 2.Nc3 Nc6 3.Nf3 e5 4.g3 g6 5.Bg2 Bg7 6.d3 Nge7 7.Nd2 d6 8.Nf1 Rb8 9.Ne3
a6 10.Ned5 b5 11.Bg5 h6 12.Bf6 Bxf6 13.Nxf6+ Kf8 14.Qd2 Kg7 15.Ncd5 Nxd5 16.Nxd5
Qa5 17.Qxa5 Nxa5 18.b3 Nc6 19.Kd2